Experiencias de aprendizaje para descubrir y aprender sobre el mundo
Uloženo v:
| Hlavní autoři: | , |
|---|---|
| Médium: | Kniha |
| Jazyk: | španělština |
| Vydáno: |
Santiago
Ministerio de Educación
2001
|
| Edice: | Serie Educación Parvularia 2001: Aportes para la Reflexión y Acción, 1.4
|
| Témata: | |
| Tagy: |
Přidat tag
Žádné tagy, Buďte první, kdo vytvoří štítek k tomuto záznamu!
|
MARC
| LEADER | 00000nam a2200000 a 4500 | ||
|---|---|---|---|
| 001 | UCM6003 | ||
| 003 | CL-VaPUC | ||
| 008 | 021025e20010000CL |||||||||||||||||spa|d | ||
| 082 | 0 | 4 | |a 372.21 |b MAY |2 21 |
| 100 | |a Mayorga S., Liliana |e autora |9 620592 | ||
| 700 | 0 | |a Oyaneder Fernández, Myriam |e author |9 471981 | |
| 245 | 1 | 0 | |a Experiencias de aprendizaje para descubrir y aprender sobre el mundo |
| 300 | |a 35 p | ||
| 942 | |c BK | ||
| 945 | |d 20021025 00:00:00 |a cmena | ||
| 260 | |a Santiago |b Ministerio de Educación |c 2001 | ||
| 650 | 0 | |a Educación preescolar |9 260381 | |
| 650 | 0 | |a Planificación del currículo |9 269599 | |
| 650 | 0 | |a Reforma educacional |9 256319 | |
| 650 | 0 | |a Recursos naturales |9 255232 | |
| 650 | 7 | |a SOLUCION DE PROBLEMAS |2 CL-VaPUC |9 270958 | |
| 650 | 7 | |a EXPERIMENTOS CIENTIFICOS |2 CL-VaPUC |9 320167 | |
| 650 | 0 | |a Métodos de enseñanza |9 270413 | |
| 650 | 0 | |a Educación científica |9 307484 | |
| 583 | |a last modification |c 20021025 00:00:00 |k Rodrigo Vera | ||
| 490 | 0 | |a Serie Educación Parvularia 2001: Aportes para la Reflexión y Acción, 1.4 | |
| 999 | |c 301671 |d 301669 | ||
| 952 | |0 0 |1 0 |4 0 |6 372_210000000000000_MAY_2001 |7 0 |8 A |9 360979 |a BIBEDU |b BIBEDU |d 2019-11-21 |i 3851605 |o 372.21 MAY 2001 |p 3851605 |r 2019-11-21 |w 2019-11-21 |y BK |k EPE | ||
| 952 | |0 0 |1 0 |4 0 |6 372_210000000000000_MAY_2001 |7 0 |8 A |9 360980 |a BIBEDU |b BIBEDU |d 2019-11-21 |i 3851613 |o 372.21 MAY 2001 |p 3851613 |r 2019-11-21 |w 2019-11-21 |y BK |k EPE | ||
| 952 | |0 0 |1 0 |4 0 |6 372_210000000000000_MAY_2001 |7 0 |8 A |9 360981 |a BIBEDU |b BIBEDU |d 2019-11-21 |i 3851621 |o 372.21 MAY 2001 |p 3851621 |r 2019-11-21 |w 2019-11-21 |y BK |k EPE | ||